LEADER 01198nam a2200325 i 4500 001 991000851399707536 005 20020507102314.0 008 951114s1967 it ||| | ita 035 $ab10138493-39ule_inst 035 $aLE00637930$9ExL 040 $aDip.to Fisica$bita 084 $a52.9.3 084 $a53(023) 084 $a614.71 100 1 $aBattan, Louis J.$0166 245 10$aCieli sporchi :$bl'inquinamento dell'atmosfera visto da un meteorologo /$cL.J. Battan ; trad. di L. Felici 260 $aBologna :$bZanichelli,$c1967 300 $a141 p. :$bill. ;$c19 cm 490 1 $aBiblioteca di Monografie Scientifiche ;$v22 650 4$aInquinamento atmosferico 700 1 $aFelici, L. 740 4 $aThe unclean sky [Tit. orig.] 830 0$aBMS ;$v22 907 $a.b10138493$b19-01-07$c27-06-02 912 $a991000851399707536 945 $aLE006 53(023) BMS$g1$i2006000031196$lle006$o-$pE0.00$q-$rl$s- $t0$u0$v0$w0$x0$y.i10164145$z27-06-02 945 $aLE006 53(023) BMS$g2$i2006000031448$lle006$o-$pE0.00$q-$rl$s- $t0$u0$v0$w0$x0$y.i10164157$z27-06-02 996 $aCieli sporchi$9185553 997 $aUNISALENTO 998 $ale006$b01-01-95$cm$da $e-$fita$git $h0$i2 LEADER 00993nam0 22002651i 450 001 UON00266934 005 20231205103738.546 100 $a20050922d2005 |0itac50 ba 101 $aslv$aLAT 102 $aSI 105 $a|||| 1|||| 200 1 $a100 zlatih latinskih izrekov$f[Izbral in prevedel Andrej Gogala] 210 $aLjubljana$cMladinska knjiga Zalo?ba$d2005 215 $a56 p.$d13 cm. 606 $aLINGUA SLOVENA$xDETTI LATINI$3UONC057206$2FI 620 $aSI$dLubiana$3UONL002905 676 $a491.84$cLingua slovena$v21 702 1$aGOGALA$bAndrej$3UONV155300 712 $aMladinska Knjiga$3UONV266507$4650 801 $aIT$bSOL$c20240220$gRICA 899 $aSIBA - SISTEMA BIBLIOTECARIO DI ATENEO$2UONSI 912 $aUON00266934 950 $aSIBA - SISTEMA BIBLIOTECARIO DI ATENEO$dSI SLOVENO D 0049 $eSI EO 37379 5 0049 996 $a100 zlatih latinskih izrekov$91240405 997 $aUNIOR